000 01280nam a2200361 i 4500
001 196031
003 ES-MaACL
005 20250720091909.0
008 090825s2009 sp | |||| 001 0 spa
015 _aMON09
017 _aM 32013-2009
_bOficina Depósito Legal Madrid
020 _a9788478952564
035 _a(OCoLC)588568885
035 _a(SpMaBN)a4588909
035 _a991016959309708606
040 _aSpMaBN
_bspa
_cSpMaBN
_erdc
080 _a929(460)"14":81'25
100 _aAlvar, Carlos,
_d1951-
_9237724
_eaut
245 1 0 _aRepertorio de traductores del siglo XV /
_cCarlos Alvar, José Manuel Lucía Megías.
260 _aMadrid :
_bOllero y Ramos ;
_c[2009].
300 _a274 p. :
_c24 cm.
336 _2rdacontent
_atexto
337 _2rdamedia
_asin mediación
338 _2rdacarrier
_avolumen
500 _aÍndices
650 7 _aTraductores-
_zEspaña
_9153688
700 1 _aLucía Megías, José Manuel,
_d1967-
_eaut
_9240291
852 _aES-MaACL
_bR. 154513
_cDEPOJ
_jN-9158
_hDonación: Editorial
_xEncuadernación rústica con solapas
_9205055
942 _cMONOGRAFIA
_n0
999 _c196031
_d196031